[Event "NOR-ch Class3"]
[Site "Stavanger"]
[Date "2017.07.07"]
[Round "8"]
[White "Grindbakken, Erik"]
[Black "Halse, Iver"]
[Result "1-0"]
[WhiteElo "1426"]
[BlackElo "1466"]
[PlyCount "79"]
[EventDate "2017.07.01"]
[EventType "swiss"]
[EventRounds "9"]
[EventCountry "NOR"]
[SourceTitle "EXT 2024"]
[Source "ChessBase"]
[SourceDate "2023.10.10"]
[SourceVersion "1"]
[SourceVersionDate "2023.10.10"]
[SourceQuality "1"]

1. d4 d5 2. c4 e6 3. Nc3 Nf6 4. Nf3 c6 5. Bg5 Nbd7 6. e3 Be7 7. Bd3 0-0 8. 0-0 h6 9. Bh4 Re8 10. Rc1 dxc4 11. Bxc4 Nd5 12. Bg3 N7f6 13. Bd3 Bd6 14. Ne5 Nxc3 15. Rxc3 Nd5 16. Rc1 f6 17. Ng6 Bxg3 18. hxg3 Ne7 19. Qh5 Nxg6 20. Qxg6 f5 21. g4 Rf8 22. gxf5 exf5 23. Rc5 Rf6 24. Qh5 Be6 25. Bb1 f4 26. Qe5 fxe3 27. Qxe3 Qd7 28. Re5 Raf8 29. Re1 Bf5 30. Re7 Qc8 31. Qb3+ R6f7 32. Rxf7 Rxf7 33. Re7 Qf8 34. Qxf7+ Qxf7 35. Rxf7 Bxb1 36. Rxb7 Bxa2 37. Rxa7 Bd5 38. g3 Kh7 39. Rd7 Bc4 40. Rd6 1-0

[Event "Politiken Cup 37th"]
[Site "Helsingor"]
[Date "2015.08.01"]
[Round "9"]
[White "Skovgaard, Ib"]
[Black "Halse, Iver"]
[Result "1-0"]
[WhiteElo "2031"]
[BlackElo "1560"]
[PlyCount "27"]
[EventDate "2015.07.25"]
[EventType "swiss"]
[EventRounds "10"]
[EventCountry "DEN"]
[SourceTitle "CBM 167 Extra"]
[Source "ChessBase"]
[SourceDate "2015.09.14"]
[SourceVersion "1"]
[SourceVersionDate "2015.09.14"]
[SourceQuality "1"]

1. e4 c6 2. d4 d5 3. Nc3 dxe4 4. Nxe4 Bf5 5. Ng3 Bg6 6. h4 h6 7. Nh3 e6 8. Nf4 Bh7 9. Bd3 Bxd3 10. Qxd3 Nf6 11. 0-0 Nbd7 12. Re1 Nd5 13. Nxe6 Qc8 14. Nxg7+ 1-0